¿Cómo organizar las bibliotecas en el Jardín de infantes? / (Registro nro. 32593)
[ vista simple ]
| 000 -CABECERA | |
|---|---|
| campo fijo de control de longitud | 01377nab a2200241 4500 |
| 003 - IDENTIFICADOR DEL NÚMERO DE CONTROL | |
| campo de control | AR-RoBPED |
| 005 - FECHA Y HORADE LA ULTIMA TRANSACCION | |
| campo de control | 20260422092416.0 |
| 008 - ELEMENTOS DE LONGITUD FIJA--INFORMACION GENERAL | |
| campo fijo de control de longitud | 260422b |||||||| |||| 00| 0 spa d |
| 040 ## - FUENTE CATALOGADORA | |
| Centro catalogador/agencia de origen | AR-RoBPED |
| 041 ## - IDIOMA | |
| Código de idioma para texto/pista de sonido o título independiente | spa |
| 100 1# - ENCABEZAMIENTO PRINCIPAL--AUTOR PERSONAL | |
| Nombre de persona | Delía, Estefanía |
| 9 (RLIN) | 30783 |
| Función | Profesora de Educación Inicial y bibliotecaria |
| 245 1# - TITULO | |
| Título | ¿Cómo organizar las bibliotecas en el Jardín de infantes? / |
| 260 ## - PUBLICACION | |
| Lugar | Buenos Aires : |
| Editor | Noveduc, |
| Fecha | 2024 |
| 300 ## - DESCRIPCION FISICA | |
| Extensión | 40-45 p. |
| 500 ## - NOTA GENERAL | |
| Nota general | La autora destaca el rol de las bibliotecas de aula y escolares para la formación de lectores, señalando que diversas situaciones de lectura y escritura giran en torno a la biblioteca: propuestas de juego, exploración de libros y disfrute literario. Desde esta valoración, narra la implementación de un proyecto en el cual son centrales dos preguntas: 1) ¿Cómo clasificar los libros de forma correcta para un buen uso? y 2) ¿Cómo realizar el préstamo de libros de manera funcional y ágil para docentes y estudiantes? |
| 650 #0 - TERMINO DE MATERIA--CONTROLADO | |
| Término controlado | JARDINES DE INFANTES |
| 9 (RLIN) | 27376 |
| Término controlado | FORMACION DE LECTORES |
| 9 (RLIN) | 4197 |
| Término controlado | BIBLIOTECAS ESCOLARES |
| 9 (RLIN) | 1762 |
| Término controlado | BIBLIOTECARIOS |
| 9 (RLIN) | 3074 |
| 773 0# - DOCUMENTO FUENTE | |
| Host Biblionumber | 20414 |
| Host Itemnumber | 41862 |
| Place, publisher, and date of publication | Buenos Aires : Noveduc, 1993- |
| Título | Novedades Educativas |
| Record control number | (AR-RoBPED)20414 |
| International Standard Serial Number | 03283534 |
| 942 ## - ELEMENTOS KOHA | |
| Fuente de clasificación | Universal Decimal Classification |
| Koha tipo de ítem | Revistas |
| Clasificación | 37(05) |
| Signatura librística | Nov 86 N° 399 (Nov.2024) |
| Número Koha | k.32593 |
| 945 ## - PROCESAMIENTO DE LA INFORMACIÓN LOCAL | |
| Catalogador y fecha | mar 04/2026 |
No hay ítems disponibles.